| 000 | 00568nam a22001457a 4500 | ||
|---|---|---|---|
| 999 |
_c523841 _d523841 |
||
| 008 | 231005b ||||| |||| 00| 0 eng d | ||
| 100 |
_aSrinivas, V. _944059 |
||
| 245 | _aAdministrative reforms | ||
| 260 | _aYojana | ||
| 300 | _a67(9), Sep, 2023: p.51-55 | ||
| 520 | _aIndia has adopted several next-generation administrative reforms to improve its time-tested administrative systems for carrying out functions of nation building and the creation of an inclusive state. – Reproduced | ||
| 773 | _aYojana | ||
| 906 | _aADMINISTRATIVE REFORMS | ||
| 942 | _cAR | ||